000 00592nam a2200205Ia 4500
003 GCL
008 140319s9999 xx 000 0 ara d
040 _aGCL /
_cGCL
082 0 4 _a370.15
_bت ا
100 1 _aنايفة قطامى
245 1 0 _aاساسيات علم النفس المدرسى /
_cنايفة قطامى
260 _a[S.N] :
_bدار الشروق ،
_c1992
300 _a310 ص
490 _a
650 0 4 _aالتعليم
650 0 4 _aالتربية
650 0 4 _aعلم النفس التربوى
650 0 4 _aعلم النفس التعليمى
942 _2ddc
_cBK
999 _c29802
_d29802